Die Nachlassverzeichnisse der Literaten in Tallinn 1710 - 1805

Titel: Die Nachlassverzeichnisse der Literaten in Tallinn 1710 - 1805 = Tallinna literaatide varandusinventarid 1710 - 1805 / bearb. von Raimo Pullat. [Red.: Otto-Heinrich Elias ... Universität Tallinn, Fakultät der Künste]
Verfasser:
Veröffentlicht: Tallinn : Estopol, 2007
Umfang: 270 Seiten ; 24 cm
Format: Buch
Sprache: Deutsch; Estnisch
RVK-Notation:
Schlagworte:
ISBN: 9789985972212
Buchumschlag
X
Lokale Klassifikation: 47 13 M ; 47 5 E ; 47 8 R 531
alg: 19552011
001A    $06000:06-03-08 
001B    $01999:10-02-25 $t08:02:15.000 
001D    $06000:06-03-08 
001U    $0utf8 
001X    $00 
002@    $0Aaxaf 
002C    $aText $btxt $2rdacontent 
002D    $aohne Hilfsmittel zu benutzen $bn $2rdamedia 
002E    $aBand $bnc $2rdacarrier 
003@    $0195520114 
003O    $0434742564 $aOCoLC 
004A    $A978-9985-9722-1-2 
006G    $0986894176 
006L    $0194769860 $2HEB 
006U    $008,A11,1588 $f20071217 
007A    $0986894176 $aDNB 
007T    $0Herdhh194769860 
009P    $qapplication/pdf $A2 $3Inhaltsverzeichnis $uhttp://scans.hebis.de/HEBCGI/show.pl?19552011_toc.pdf $mV:DE-604 
010@    $ager $aest 
011@    $a2007 $n2007 
013D    $RVerzeichnis $RKatalog $RInventur $#Inventories $#Inventaires $#Repertorium Inventar $#Bestandsverzeichnis Formschlagwort $#Findbuch Inventar $74027540-1 $8Inventar [Ts1] $9085070408 
017A    $asf 
021A    $aDie @Nachlassverzeichnisse der Literaten in Tallinn 1710 - 1805 $fTallinna literaatide varandusinventarid 1710 - 1805 $hbearb. von Raimo Pullat. [Red.: Otto-Heinrich Elias ... Universität Tallinn, Fakultät der Künste] 
027A    $aTallinna literaatide varandusinventarid 1710 - 1805 
027A    $aTallinna literaatide varandusinventarid, 1710-1805 
028A    $BVerfasser $RPullat, Risto $#Pullat, Raimo Nikolaevich $#Pullat, Rajmo $#Pullat, Rajmo Nikolaevič $#Pullat, R. $#Pullat, R. N. $#Pullat, Rajmo N. $#Pullat, R. $#Пуллат, Раймо Николаевич $4aut $7128657022 $8Pullat, Raimo$Z1935- [Tp1] $9133557529 
033A    $pTallinn $nEstopol 
034D    $a270 Seiten 
034I    $a24 cm 
039U    $aRezensiert in $8--Aox--Elias, Otto-Heinrich. Pullat, Raimo, 1935-. Die @Nachlassverzeichnisse der Literaten in Tallinn 1710 - 1805. - Tallinn : Estopol. -  2007 [Rezension], 2008 $939491757X 
044K    $qDNB $RReval $#Tallinn $#Tallin $#Reval $#Reval Tallinn $75093293-7 $8Tallinn [Tg1] $9045056455 
044K    $qDNB $RAutor $RLiteratur $RSchriftstellerin $#Authors $#Écrivains $#Scrittori $#Escritores $#Schriftsteller $#Dichter $#Literaturproduzent $#Literat $#Homme de lettres $74053309-8 $8Schriftsteller [Ts1] $9085148040 
044K    $qDNB $RUnveröffentlichtes Werk $RVorlass $#Nachlässe $74123811-4 $8Nachlass [Ts1] $9085410543 
045E    $c830 $c940 $c010 
045F    $a830.994798 $eDDC22ger 
045F/01 $a830 
045F/03 $g4798 
045F/03 $j9 
045G    $a306.094798 $eDDC23BSB 
045G/01 $a306.09 
045G/03 $g4798 
045H    $a900.947980903 $eDDC23BSB 
045H/01 $a900 
045H/03 $f0903 
045H/03 $f09041 
045H/03 $g4798 
045Z    $8GI 1622 [Tkv] $940836081X 
045Z    $8GZ 9184 [Tkv] $9408606681 
046L    $aText deutsch u. estnisch 

lok: 19552011 3
101B    $025-04-23 $t16:12:02.000 
101C    $001-07-08 
101U    $0utf8 
145S/01 $a036 
145S/02 $a722 

exp: 19552011 3 1 #EPN
201B/01 $001-07-08 $t09:21:09.000 
201C/01 $011-04-08 
201U/01 $0utf8 
203@/01 $0542389169 
208@/01 $a01-07-08 $bzAa 
209A/01 $a88.525.34 $du $f000 $h88 525 34 $x00 
209G/01 $a88525345 $x00 
247C/01 $8601000-3 <30>Frankfurt, Universitätsbibliothek J. C. Senckenberg, Zentralbibliothek (ZB) $9102598258 

lok: 19552011 24
101B    $007-11-08 $t01:05:33.000 
101C    $006-02-08 
101U    $0utf8 
145Z/01 $a47 13 M 
145Z/02 $a47 5 E 
145Z/03 $a47 8 R 531 

exp: 19552011 24 1 #EPN
201B/01 $007-11-08 $t01:05:33.000 
201C/01 $006-02-08 
201U/01 $0utf8 
203@/01 $0524516979 
208@/01 $a06-02-08 $bz 
209A/01 $a08.0376 $du $f050 $h08 0376 $x00 
209C/01 $a08.0376 T $h08 0376 T 
209G/01 $a72058682 $x00 
220C/01 $amar 
247C/01 $8358050-7 Marburg, Bibliothek des Herder-Instituts Marburg $9102600961 

lok: 19552011 78

exp: 19552011 78 1 #EPN
201B/01 $021-11-17 $t23:07:32.000 
201U/01 $0utf8 
203@/01 $0794500277 
208@/01 $a12-11-16 $be 
209A/01 $a/ $f000 $x00 
220C/01 $aTitelaufnehmer: kk 
237A/01 $aText dt., Vorw. dt. und estn.. - weiterführende Signatur(en): Herder-Institut: 08.0376 
244Z/01 $2Trx $#Estija $#Igaunija $#Estland $#Estonia $#Estonia $#Estónsko $#Estonsko $8--Trx--Eesti $x01 $9391237225 
244Z/01 $#Tallinn $#Tallin $#Reval $#Reval Tallinn $75093293-7 $8--Tg1--Tallinn $x02 $9045056455 
244Z/01 $2Trx $#kirjanikud $#rašytojai $#writers $#írók $#pisarze $#spisovatelia $#spisovatelé $8--Trx--Schriftsteller $x03 $9391382659 
244Z/01 $2Trx $#pärand, vara $#palikimai $#Estates, inheritances $#hagyatékok $#spuścizny $#pozostalosti $#pozůstalosti $8--Trx--Nachlässe $x04 $9391370243 
244Z/01 $2Trx $#allikmaterial $#šaltiniai $#Source material, historical $#források $#źródła $#pramene $#prameny $8--Trx--Quellen $x05 $9391358375 
244Z/01 $2Trx $#editsioonid $#šaltinių publikacijos $#editions $#kiadások $#edytorstwo $#edície $#edice $#kirjastused $8--Trx--Editionen $x06 $9391371150 
245Z/01 $a13.03 $x01 
245Z/01 $a03.03.03 $x02 
247C/01 $82080>Marburg/Lahn, Herder-Institut, Forschungsbibliothek, Bibliographieportal $9336309341
LEADER 00000cam a22000002c 4500
001 195520114
003 DE-603
005 20250210080215.0
007 tu
008 080306s2007 xx |||| | u00||u|ger
015 |a 08,A11,1588  |2 dnb 
016 7 |2 DE-101  |a 986894176 
020 |a 9789985972212 
035 |a (DE-599)DNB986894176 
035 |a (DE-603)194769860 
035 |a (OCoLC)434742564 
040 |a DE-603  |b ger  |c DE-603  |d DE-603 
041 |a ger  |a est 
082 0 4 |8 1\u  |a 830.994798  |q DE-101  |2 22/ger 
083 0 |8 2\u  |a 306.094798  |q DE-101  |2 23/BSB 
083 0 |8 3\u  |a 900.947980903  |q DE-101  |2 23/BSB 
084 |a 830  |a 940  |a 010  |q DE-101  |2 sdnb 
084 |a GI 1622  |0 (DE-625)40534:  |0 (DE-603)40836081X  |2 rvk 
084 |a GZ 9184  |0 (DE-625)48334:13522  |0 (DE-603)408606681  |2 rvk 
085 |8 1\u  |b 830 
085 |8 1\u  |z 2  |s 4798 
085 |8 1\u  |z 3C  |s 9 
085 |8 2\u  |b 306.09 
085 |8 2\u  |z 2  |s 4798 
085 |8 3\u  |b 900 
085 |8 3\u  |z 1  |s 0903 
085 |8 3\u  |z 1  |s 09041 
085 |8 3\u  |z 2  |s 4798 
090 |a b 
100 1 |a Pullat, Raimo  |d 1935-  |e Verfasser  |4 aut  |0 (DE-603)133557529  |0 (DE-588)128657022  |2 gnd 
245 0 0 |a ˜Dieœ Nachlassverzeichnisse der Literaten in Tallinn 1710 - 1805  |b = Tallinna literaatide varandusinventarid 1710 - 1805  |c bearb. von Raimo Pullat. [Red.: Otto-Heinrich Elias ... Universität Tallinn, Fakultät der Künste] 
246 1 3 |a Tallinna literaatide varandusinventarid 1710 - 1805 
246 1 3 |a Tallinna literaatide varandusinventarid, 1710-1805 
264 1 |a Tallinn  |b Estopol  |c 2007 
300 |a 270 Seiten  |c 24 cm 
336 |a Text  |b txt  |2 rdacontent 
337 |a ohne Hilfsmittel zu benutzen  |b n  |2 rdamedia 
338 |a Band  |b nc  |2 rdacarrier 
546 |a Text deutsch u. estnisch 
650 7 |a Schriftsteller  |0 (DE-588)4053309-8  |0 (DE-603)085148040  |2 gnd 
650 7 |a Nachlass  |0 (DE-588)4123811-4  |0 (DE-603)085410543  |2 gnd 
651 7 |a Tallinn  |0 (DE-588)5093293-7  |0 (DE-603)045056455  |2 gnd 
655 7 |a Inventar  |2 gnd-content  |0 (DE-588)4027540-1  |0 (DE-603)085070408 
787 0 8 |i Rezensiert in  |a Elias, Otto-Heinrich  |t ˜Pullat, Raimo, 1935-. Dieœ Nachlassverzeichnisse der Literaten in Tallinn 1710 - 1805. - Tallinn : Estopol. - 2007 [Rezension]  |w (DE-603)39491757X 
856 4 2 |m V:DE-604  |q application/pdf  |u http://scans.hebis.de/HEBCGI/show.pl?19552011_toc.pdf  |3 Inhaltsverzeichnis 
924 0 |9 30  |a (DE-603)542389169  |b DE-30  |c HES  |d c  |g 88.525.34 
924 0 |9 Mb 50  |a (DE-603)524516979  |b DE-Mb50  |c HES  |d c  |g 08.0376 
924 0 |9 2080  |a (DE-603)794500277  |b DE-2080  |c HES  |d d  |g /